00762 2200229 4500001002100000005001500021035002000036007000300056008004100059020001800100082001000118084001600128100002500144245003800169260004400207300001200251500019200263650004400455856001700499990000800516990000800524INLIS00000000000008320220127080204 a0010-0122000083ta220127 g 0 ind  a9789790502536 a005.5 a005.5 SUH b0 aSuharno Widi Nugroho1 aBermain Pengolah Kata :bMs. Word aJakarta :bBina Sumber Daya Mipa,c2009 a102 hlm aBuku ini disusun secara sederhana yang disesuaikan dengan kurikulum dan pelajaran di sekolah dengan tujuan agar siswa dapat mengenal dan memahami komputer hingga mampu mengaplikasikannya. 4aProgram Aplikasi dengan kegunaan khusus aKoleksi Umum a176 a177